000 00585nmm a2200193Ia 4500
008 251105s9999||||xx |||||||||||||||||und||
020 _a9788437066547
041 _aspa
100 _aRousseau, Jean Jacques
245 0 _aEscritos sobre música
264 _a[Madrid, España] :
_bPublicaciones de la Universidad de Valencia (PUV),
_c2007
300 _a330 páginas
490 _aEstètica&Crítica
650 _aPhilosophy, Ethics
700 _aRousseau, Jean Jacques
700 1 _a Ferrer, Anacleto
856 _uhttps://public.digitaliapublishing.com/a/35142
942 _cCF
999 _c70785
_d70785